00494naa a2200169 450000500170000001000130001702000250003003500130005503700230006808200140009110000140010524500430011926000570016227000400021930000310025949000340029020110729154243.0 aB-441241 c60.00a9788123751887 aB-441241 bAllied Publishers 14a352.007221 aAslam, M.1 aPanchayati raj in India /cby M. Aslam aNew DelhibNational Book Trust, Indiac2010(repr.).  aA-5, Green ParkbNew Delhie110 016 axiii, 217p. c22cm (Hpbk) aIndia-the land and the people